[Event "RSA-chT U12"]
[Site "Cape Town"]
[Date "2016.01.06"]
[Round "6.6"]
[White "Eaton, Dante"]
[Black "Khatshwa, Alitha"]
[Result "1-0"]
[WhiteElo "1253"]
[BlackElo "1020"]
[PlyCount "29"]
[EventDate "2016.01.04"]
[EventType "team-tourn"]
[EventRounds "7"]
[EventCountry "RSA"]
[SourceTitle "CBM 170 Extra"]
[Source "ChessBase"]
[SourceDate "2016.02.25"]
[SourceVersion "1"]
[SourceVersionDate "2016.02.25"]
[SourceQuality "1"]
[WhiteTeam "Western Province"]
[BlackTeam "Buffalo City"]
[WhiteTeamCountry "RSA"]
[BlackTeamCountry "RSA"]

1. e4 e5 2. Nf3 Nf6 3. Nxe5 Nxe4 4. Qe2 Nd6 5. Nc6+ Qe7 6. Nxe7 Bxe7 7. g3 Kd8 8. Bg2 Ne8 9. 0-0 Nf6 10. Nc3 Ke8 11. Re1 Nc6 12. Bxc6 Kf8 13. Qxe7+ Kg8 14. Qd8+ Ne8 15. Qxe8# 1-0